Great buildings of the world : the world's most influential, inspiring and astonishing structures
| Other Authors: | , |
|---|---|
| Format: | Book |
| Published: |
New York :
Time Books ,
2004
|
| Subjects: |
MARC
| LEADER | 00000cam a2200000 7i4500 | ||
|---|---|---|---|
| 001 | 0000015392 | ||
| 005 | 20080603.0 | ||
| 008 | 250308 | ||
| 020 | |a 1932273239 | ||
| 090 | 0 | 0 | |a 720.9 |b GRE |
| 245 | 1 | 0 | |a Great buildings of the world : |b the world's most influential, inspiring and astonishing structures |c Editor by Kelly Knauer |
| 260 | |a New York : |b Time Books , |c 2004 | ||
| 650 | 0 | |a Architecture |x History | |
| 650 | 0 | |a Buildings | |
| 700 | 1 | |a Carr, Bruce Christopher | |
| 700 | 1 | |a Fenton, Metthew McCann | |
| 999 | |a 0001015686 |b Book |c Adult Collection |e Perbadanan Perpustakaan Awam Johor | ||